Expresní, kurýrní a balíkové služby

Podmienky pre dynamický rast expresných, kuriérskych a balíkových služieb. Ponuka služieb kuriérskych medzinárodných prepravcov. Podmienky na prijatie zásielky. Obsah prepravnej zmluvy. Ukážka formulára leteckého nákladového listu spoločnosti DHL.

Gespeichert in:
Bibliographische Detailangaben
1. Verfasser: Šubert, Miroslav
Format: Buchkapitel
Sprache:Tschechisch
Schlagworte:
Tags: Tag hinzufügen
Keine Tags, Fügen Sie das erste Tag hinzu!

MARC

LEADER 00000naa a2200000 4500
001 r038396
005 20230908092334.3
041 0 |a cze 
044 |a CZ 
245 1 0 |a Expresní, kurýrní a balíkové služby  |c Miroslav Šubert 
520 |a Podmienky pre dynamický rast expresných, kuriérskych a balíkových služieb. Ponuka služieb kuriérskych medzinárodných prepravcov. Podmienky na prijatie zásielky. Obsah prepravnej zmluvy. Ukážka formulára leteckého nákladového listu spoločnosti DHL. 
610 2 0 |a preprava 
610 2 0 |a služby dopravné 
610 2 0 |a dokumenty 
610 2 0 |a tovar 
610 2 0 |a zásielky poštové 
610 2 0 |a zmluvy prepravné 
100 1 |a Šubert, Miroslav